Centers for Disease Control and Prevention (CDC) documents

Detalles Bibliográficos
Formato: Electrónico Periódico
Lenguaje:inglés
Publicado: Greenbelt, Md. : Federal Information & News Dispatch
Materias:
Acceso en línea:Full text available from Research Library: 09/30/2005 to present

MARC

LEADER 00000nas a2200000 a 4500
001 ssj0000857977
003 WaSeSS
005 20200512172242.0
006 m d
007 cr n
008 130322c20uu9999mdud| n|s|||||| |0eng d
035 |a (WaSeSS)ssj0000857977 
040 |a WaSeSS  |c WaSeSS  |d WaSeSS 
043 |a n-us--- 
050 4 |a RA11 
245 0 0 |a Centers for Disease Control and Prevention (CDC) documents  |h [electronic resource]. 
260 |a Greenbelt, Md. :  |b Federal Information & News Dispatch 
310 |a Daily 
506 |a License restrictions may limit access. 
588 |a Description based on: Sep. 30, 2005; title from title screen (ProQuest, viewed March 22, 2013). 
588 |a Latest issue consulted: Mar. 21, 2013 (viewed March 22, 2013). 
610 2 0 |a Centers for Disease Control and Prevention (U.S.)  |v Periodicals. 
650 0 |a Medicine, Preventive  |z United States  |v Periodicals. 
655 0 |a Electronic journals. 
856 4 0 |z Full text available from Research Library: 09/30/2005 to present  |u https://search.proquest.com/publication/28277